000
00250nam a2200109Ia 4500
008
220204s9999 xx 000 0 und d
082
_a
82-3
_b
KIN
100
_a
King, Stephen
245
0
_a
Danse macabre
260
_a
London
_b
Futura
_c
1982
942
_c
BK
999
_c
37747
_d
37747